[Event "IECC O-2464"]
[Site "IECC email"]
[Date "2006.10.10"]
[Round "?"]
[White "Cefle, Kivanc"]
[Black "Tosney, Paul"]
[Result "1-0"]
[WhiteElo "1603"]
[BlackElo "1550"]
[PlyCount "45"]
[EventDate "2006.??.??"]
[EventType "swiss (corr)"]
[EventRounds "2"]
[SourceTitle "Corr 2008"]
[Source "ChessBase"]
[SourceDate "2008.06.24"]
[SourceVersion "1"]
[SourceVersionDate "2008.06.24"]
[SourceQuality "1"]

1. d4 d6 2. c4 Nf6 3. Nf3 g6 4. Bg5 Bg7 5. e3 0-0 6. Nc3 c5 7. Be2 Bg4 8. dxc5 dxc5 9. Bxf6 Bxf6 10. 0-0 Nc6 11. Qc2 Qc7 12. Nd5 Qd6 13. Rfd1 Ne5 14. Nxf6+ Qxf6 15. Nxe5 Qxe5 16. Bxg4 e6 17. Rd2 Qc7 18. Rad1 Rfd8 19. Bf3 Rab8 20. Rd3 Kf8 21. Qc3 e5 22. Qd2 Ke7 23. Bd5 1-0

[Event "IECC O-2307"]
[Site "IECC email"]
[Date "2005.11.22"]
[Round "?"]
[White "Lam, Jenner"]
[Black "Cefle, Kivanc"]
[Result "0-1"]
[WhiteElo "1711"]
[BlackElo "1626"]
[PlyCount "60"]
[EventDate "2005.??.??"]
[EventType "swiss (corr)"]
[EventRounds "2"]
[SourceTitle "Corr 2008"]
[Source "ChessBase"]
[SourceDate "2008.06.24"]
[SourceVersion "1"]
[SourceVersionDate "2008.06.24"]
[SourceQuality "1"]

1. e4 e6 2. d4 d5 3. e5 c5 4. c3 Nc6 5. Nf3 Qb6 6. a3 Nh6 7. Qa4 Nf5 8. Bb5 Bd7 9. Be3 Nxe3 10. fxe3 Nxe5 11. dxe5 Bxb5 12. Qc2 Be7 13. a4 Ba6 14. e4 0-0 15. exd5 exd5 16. Nbd2 f6 17. 0-0-0 fxe5 18. Nxe5 Qd6 19. Ndf3 Bf6 20. h4 Bxe5 21. Nxe5 Qxe5 22. Kb1 b5 23. b4 cxb4 24. cxb4 bxa4 25. Qxa4 Rf2 26. Qb3 Bc4 27. Qa3 Qe4+ 28. Ka1 Qxg2 29. Qe3 Ra2+ 30. Kb1 Qb2# 0-1